French Body Parts #1 - Statistics

General Stats
  • This quiz has been taken 344 times
    342 since last reset
  • The average score is 11 of 16
Answer Stats
Hint Answer % Correct
Head Tete
94%
Body Corps
86%
Eyes Yeux
86%
Mouth Bouche
83%
Nose Nez
83%
Tooth Dent
80%
Face Visage
80%
Hair Cheveux
79%
Ear Oreille
75%
Eye Oeil
70%
Neck Cou
62%
Tongue Langue
60%
Throat Gorge
54%
Lip Levre
54%
Eyebrow Sourcil
38%
Eyelash Cil
36%
No matching quizzes found
Score Distribution
Percent of People with Each Score
Percentile by Number Answered
Your Score History
You have not taken this quiz since the last reset